Japan long distance ferry destination - Statistics

General Stats
  • This quiz has been taken 15 times
  • The average score is 7 of 20
Answer Stats
Hint Answer % Correct
7 Tokyo
100%
10 Osaka
92%
9 Nagoya
77%
11 Kobe
69%
4 Sendai
62%
5 Niigata
54%
18 Beppu
31%
16 Kitakyushu
31%
17 Oita
31%
2 Tomakomai
31%
3 Akita
23%
19 Miyazaki
23%
1 Otaru
23%
15 Tokushima
23%
6 Oarai
15%
13 Tsuruga
15%
12 Izumiotsu
8%
14 Maizuru
8%
20 Shibushi
8%
8 Yokosuka
8%
No matching quizzes found
Score Distribution
Percent of People with Each Score
Percentile by Number Answered
Your Score History
You have not taken this quiz